00839 2200289 4500001002100000005001700021008004100038020002200079035002500101040001200126082001400138084001900152100001900171245014300190250001100333260002800344300003200372500001100404650001200415700002200427700002000449700001400469850001200483990001800495990001800513990001800531INLIS00000000000755820150807094025.0  a978-979-075-279-5 a0010-071500000000241 aYOPDYOG 223a551.4 aKR 551.4 Woo L aWOODWARD, John aLautanb: Perjalanan mengagumkan mengarungi samuderac/ John Woodward; Penerjemah, Dyah Ruci; Editor, Winny Rachmayanti dan Michael Tobing aCet. 3 aJakartabErlanggac2012 a128 hlm.b: ilus.c; 25 cm. aIndeks aSamudra aWINNY Rachmayanti aTOBING, Michael aDYAH Ruci aYOPDYOG a18948-PD/B.15 a18949-PD/B.15 a18950-PD/B.15